Calculations of analytical chemistry

Kaydedildi:
Detaylı Bibliyografya
Asıl Yazarlar: Hamilton, Leicester Forsyth (Yazar), Simpson, Stephen Gershom (Yazar)
Materyal Türü: Kitap
Dil:İngilizce
Baskı/Yayın Bilgisi: Nueva York McGraw Hill 1960
Edisyon:6a. ed
Konular:
Etiketler: Etiketle
Etiket eklenmemiş, İlk siz ekleyin!

MARC

LEADER 00000nam a2200000 a 4500
001 UCT5815
003 CL-VaPUC
008 961223e19600000US |||||||||||||||||eng|d
082 0 4 |a 543  |b HAM  |2 21 
100 |a Hamilton, Leicester Forsyth  |e author  |9 375380 
700 0 |a Simpson, Stephen Gershom  |e author  |9 375381 
245 1 0 |a Calculations of analytical chemistry 
250 |a 6a. ed 
300 |a 334 p 
942 |c BK 
945 |d 19961223 00:00:00  |a nastorga 
260 |a Nueva York  |b McGraw Hill  |c 1960 
650 0 |a Química analítica  |9 259648 
650 0 |a Matemática  |9 260235 
650 0 |a Cálculo  |9 260234 
650 0 |a Logaritmos  |9 260266 
650 7 |a ECUACIONES QUIMICAS  |2 CL-VaPUC  |9 375382 
650 0 |a Fórmulas matemáticas   |9 263500 
650 0 |a Equilibrio químico   |9 259943 
650 0 |a Termodinámica   |9 259320 
583 |a last modification  |c 20140822 05:01:06  |k Rodrigo Vera 
999 |c 254621  |d 254619 
952 |0 0  |1 0  |4 0  |6 543_000000000000000_HAM_1960  |7 0  |8 A  |9 276426  |a BIBCUR  |b BIBCUR  |d 2019-11-19  |i 3262294  |l 4  |o 543 HAM 1960  |p 3262294  |r 2025-04-22  |s 2024-08-14  |w 2019-11-19  |y BK  |k BCB